000
00289nam a2200097Ia 4500
001
997514
005
20250826221525.0
008
250824s9999 xx 000 0 und d
245
0
_a
FENER ADASI MACERALARI -BÜYÜLÜ ZİNDAN
_c
ZÜMRÜT TANRIÖVEN YAZICI
260
_b
GENÇ HAYAT ÇOCUK YAYINLARI
999
_c
997514
_d
997514